[Event "Charlesbourg Olympiade"]
[Site "Charlesbourg CAN"]
[Date "2012.10.22"]
[Round "3"]
[White "Beaudoin, Stephane"]
[Black "Bahadi, Khalid"]
[Result "1/2-1/2"]
[WhiteElo "2025"]
[BlackElo "1971"]
[PlyCount "180"]
[GameId "2160767909411869"]
[EventDate "2012.10.08"]
[EventType "swiss"]
[EventRounds "5"]
[EventCountry "CAN"]
[SourceTitle "EXT 2022"]
[Source "ChessBase"]
[SourceDate "2021.10.06"]
[SourceVersion "1"]
[SourceVersionDate "2021.10.06"]
[SourceQuality "1"]

1. e4 e5 2. Bc4 Nf6 3. d3 Nc6 4. Nf3 d5 5. exd5 Nxd5 6. O-O Bg4 7. h3 Bh5 8. Re1 Nb6 9. Nxe5 Bxd1 10. Nxc6+ Be7 11. Bxf7+ Kf8 12. Nxd8 Bxc2 13. Bg5 Bxd8 14. Bxd8 Rxd8 15. Bb3 Bxd3 16. Nc3 c5 17. Re3 c4 18. Bd1 Nd5 19. Nxd5 Rxd5 20. Bf3 Rd7 21. Rae1 Kf7 22. Bg4 Rc7 23. Rf3+ Kg6 24. Re6+ Kg5 25. Rfe3 g6 26. Re7 Rxe7 27. Rxe7 h5 28. Bf3 b5 29. Rxa7 Rc8 30. a3 Re8 31. Rb7 Kh6 32. g4 hxg4 33. hxg4 Re1+ 34. Kg2 Rb1 35. Rxb5 g5 36. Rb6+ Kg7 37. Rb4 Kf6 38. Rb7 Ke5 39. a4 Kf4 40. Bc6 Kxg4 41. Rb4 Kf4 42. Bb7 Ra1 43. Bc6 g4 44. Rb7 Ra2 45. Rb8 Ra1 46. Rf8+ Kg5 47. f4+ gxf3+ 48. Rxf3 Bc2 49. Rc3 Bb3 50. Kf3 Kf5 51. Ke3 Ke5 52. a5 Rxa5 53. Rc1 Ra2 54. Rh1 Rxb2 55. Bb5 Ba2 56. Rh5+ Kd6 57. Kd4 Rd2+ 58. Kc3 Rd3+ 59. Kc2 Bb3+ 60. Kb2 Re3 61. Rg5 Rf3 62. Rh5 Bd1 63. Rh6+ Kc5 64. Bc6 Rf2+ 65. Kc1 Bb3 66. Bb7 Kb4 67. Rh1 c3 68. Be4 Ra2 69. Rh8 Ra1+ 70. Bb1 c2 71. Rb8+ Ka3 72. Ra8+ Ba4 73. Rb8 cxb1=Q+ 74. Rxb1 Ra2 75. Rb8 Rc2+ 76. Kb1 Rd2 77. Rc8 Bb3 78. Ra8+ Kb4 79. Rb8+ Kc3 80. Rc8+ Bc4 81. Kc1 Rc2+ 82. Kd1 Rf2 83. Re8 Bd3 84. Rc8+ Kd4 85. Rd8+ Ke3 86. Re8+ Be4 87. Ke1 Re2+ 88. Kd1 Rb2 89. Rc8 Rb1+ 90. Rc1 Rxc1+ 1/2-1/2

[Event "Charlesbourg Olympiade"]
[Site "Charlesbourg CAN"]
[Date "2012.10.22"]
[Round "3"]
[White "Garneau, Benoit"]
[Black "Fecteau, Martin"]
[Result "1-0"]
[WhiteElo "1799"]
[BlackElo "1932"]
[PlyCount "135"]
[GameId "2160767909411870"]
[EventDate "2012.10.08"]
[EventType "swiss"]
[EventRounds "5"]
[EventCountry "CAN"]
[SourceTitle "EXT 2022"]
[Source "ChessBase"]
[SourceDate "2021.10.06"]
[SourceVersion "1"]
[SourceVersionDate "2021.10.06"]
[SourceQuality "1"]

1. e4 c5 2. Nc3 Nc6 3. f4 d6 4. Nf3 g6 5. Bb5 Bg7 6. O-O a6 7. Bxc6+ bxc6 8. d3 e6 9. e5 Ne7 10. exd6 Qxd6 11. Ne4 Qd8 12. c3 Qa5 13. Be3 O-O 14. Bxc5 Re8 15. b4 Qc7 16. Bd6 Qa7+ 17. Bc5 Qc7 18. Ne5 Nd5 19. Nd6 Rf8 20. Qe1 a5 21. a3 axb4 22. axb4 Rxa1 23. Qxa1 Nxf4 24. d4 g5 25. g3 Nh3+ 26. Kg2 f6 27. Kxh3 fxe5 28. Rxf8+ Bxf8 29. dxe5 Bxd6 30. Bxd6 Qf7 31. Kg2 Qf5 32. Qf1 Qxf1+ 33. Kxf1 Kf7 34. Ke2 g4 35. Ke3 Ke8 36. Kd4 h5 37. Kc5 Bd7 38. c4 Kd8 39. b5 cxb5 40. cxb5 Kc8 41. Kb6 Be8 42. Ka6 Bg6 43. Kb6 Be4 44. Kc5 Kd7 45. Kd4 Bf3 46. Ke3 Bd5 47. Kf4 Bc4 48. b6 Kc6 49. Bc7 Be2 50. Kg5 Bf3 51. Kxh5 Be2 52. Kh4 Bf3 53. h3 gxh3 54. Kxh3 Kd7 55. Kh4 Ke8 56. Kg5 Kf7 57. g4 Kg7 58. Bd8 Bb7 59. Kf4 Kf7 60. Ke3 Ke8 61. Bc7 Kd7 62. g5 Ke7 63. Kd4 Kf7 64. Kc5 Kg6 65. Bd8 Kf7 66. Kd6 Be4 67. Kc7 Ke8 68. Bf6 1-0

[Event "Charlesbourg Olympiade"]
[Site "Charlesbourg CAN"]
[Date "2012.10.22"]
[Round "3"]
[White "Marquis, Paul"]
[Black "Lessard, Claude"]
[Result "1-0"]
[WhiteElo "1974"]
[BlackElo "2064"]
[PlyCount "51"]
[GameId "2160767909411871"]
[EventDate "2012.10.08"]
[EventType "swiss"]
[EventRounds "5"]
[EventCountry "CAN"]
[SourceTitle "EXT 2022"]
[Source "ChessBase"]
[SourceDate "2021.10.06"]
[SourceVersion "1"]
[SourceVersionDate "2021.10.06"]
[SourceQuality "1"]

1. c4 e5 2. Nc3 Nc6 3. g3 Bc5 4. Bg2 Nge7 5. e3 d6 6. a3 a5 7. Nge2 f5 8. d4 Ba7 9. d5 Nb8 10. b4 O-O 11. Bb2 f4 12. gxf4 exf4 13. Nxf4 Rxf4 14. exf4 Ng6 15. Qd2 Qe7+ 16. Kd1 Bg4+ 17. Kc1 Nd7 18. Nb5 Bb6 19. Re1 Qf7 20. Nd4 Nxf4 21. Re4 g5 22. Ne6 Ne5 23. Bxe5 dxe5 24. Nxg5 Qf5 25. Ne6 Nxg2 26. Qh6 1-0

[Event "Charlesbourg Olympiade"]
[Site "Charlesbourg CAN"]
[Date "2012.10.29"]
[Round "4"]
[White "Marquis, Paul"]
[Black "Beaudoin, Stephane"]
[Result "1/2-1/2"]
[WhiteElo "1974"]
[BlackElo "2025"]
[PlyCount "99"]
[GameId "2160767909411872"]
[EventDate "2012.10.08"]
[EventType "swiss"]
[EventRounds "5"]
[EventCountry "CAN"]
[SourceTitle "EXT 2022"]
[Source "ChessBase"]
[SourceDate "2021.10.06"]
[SourceVersion "1"]
[SourceVersionDate "2021.10.06"]
[SourceQuality "1"]

1. c4 e5 2. Nc3 Nf6 3. g3 Nc6 4. Bg2 Be7 5. a3 O-O 6. b4 a5 7. b5 Nd4 8. e3 Ne6 9. Nge2 c6 10. d4 exd4 11. Nxd4 Nxd4 12. Qxd4 d5 13. cxd5 Ng4 14. Bb2 Bf6 15. Qd2 cxb5 16. Nxb5 Bxb2 17. Qxb2 Qb6 18. O-O Qh6 19. h3 Nf6 20. Nc7 Rb8 21. g4 b5 22. Qe5 Nd7 23. Qg3 Qb6 24. d6 Bb7 25. Nd5 Bxd5 26. Bxd5 Rbd8 27. Rfc1 Nb8 28. Rc7 Rxd6 29. Rb7 Qc5 30. Bxf7+ Kh8 31. Rb1 Rb6 32. Rxb6 Qxb6 33. Qe5 Qb7 34. Bd5 Qd7 35. Qe6 Qd8 36. Kg2 Re8 37. Qf7 Rf8 38. Qb7 b4 39. axb4 a4 40. Rb2 Na6 41. Bf3 Qf6 42. Ra2 Nxb4 43. Rxa4 Nd3 44. Ra8 Ne1+ 45. Kf1 Nxf3 46. Rxf8+ Qxf8 47. Kg2 Nh4+ 48. Kg3 Ng6 49. Qe4 Qd8 50. Kg2 1/2-1/2

[Event "Charlesbourg Zukertort"]
[Site "Charlesbourg CAN"]
[Date "2012.04.30"]
[Round "1"]
[White "Dorion, Francois"]
[Black "Beaudoin, Stephane"]
[Result "0-1"]
[WhiteElo "1702"]
[BlackElo "2085"]
[PlyCount "52"]
[GameId "2160767909509583"]
[EventDate "2012.04.30"]
[EventType "swiss"]
[EventRounds "5"]
[EventCountry "CAN"]
[SourceTitle "EXT 2022"]
[Source "ChessBase"]
[SourceDate "2021.10.06"]
[SourceVersion "1"]
[SourceVersionDate "2021.10.06"]
[SourceQuality "1"]

1. e4 g6 2. d4 Bg7 3. Bc4 e6 4. Nf3 d5 5. exd5 exd5 6. Bd3 Ne7 7. O-O O-O 8. c3 Bf5 9. Be3 Nd7 10. Re1 Rc8 11. Bxf5 Nxf5 12. Nbd2 Nxe3 13. Rxe3 c5 14. Nf1 cxd4 15. Nxd4 Qb6 16. Ng3 Rfe8 17. Rxe8+ Rxe8 18. Qd2 Nc5 19. Re1 Rxe1+ 20. Qxe1 Bxd4 21. cxd4 Ne6 22. Qc3 Qxd4 23. Qc8+ Kg7 24. Qxb7 Nf4 25. Qb3 f6 26. Qe3 Qd1+ 0-1

[Event "Charlesbourg Zukertort"]
[Site "Charlesbourg CAN"]
[Date "2012.05.14"]
[Round "3"]
[White "Beaudoin, Stephane"]
[Black "Fortier, Bertrand"]
[Result "1-0"]
[WhiteElo "2085"]
[BlackElo "1752"]
[PlyCount "37"]
[GameId "2160767909509584"]
[EventDate "2012.04.30"]
[EventType "swiss"]
[EventRounds "5"]
[EventCountry "CAN"]
[SourceTitle "EXT 2022"]
[Source "ChessBase"]
[SourceDate "2021.10.06"]
[SourceVersion "1"]
[SourceVersionDate "2021.10.06"]
[SourceQuality "1"]

1. e4 e6 2. d4 d5 3. Nc3 Nf6 4. Bg5 Be7 5. e5 Nfd7 6. h4 h6 7. Bxe7 Qxe7 8. Qg4 O-O 9. f4 Qb4 10. O-O-O c5 11. a3 Qa5 12. Rh3 Kh8 13. Rg3 Rg8 14. Nf3 Qd8 15. Nb5 Nc6 16. Nd6 Qe7 17. Qh5 Nd8 18. Ng5 f5 19. Ngf7+ 1-0

[Event "Charlesbourg Zukertort"]
[Site "Charlesbourg CAN"]
[Date "2012.05.14"]
[Round "3"]
[White "Cote, Jocelyn"]
[Black "Fecteau, Martin"]
[Result "1-0"]
[WhiteElo "1717"]
[BlackElo "1966"]
[PlyCount "69"]
[GameId "2160767909509585"]
[EventDate "2012.04.30"]
[EventType "swiss"]
[EventRounds "5"]
[EventCountry "CAN"]
[SourceTitle "EXT 2022"]
[Source "ChessBase"]
[SourceDate "2021.10.06"]
[SourceVersion "1"]
[SourceVersionDate "2021.10.06"]
[SourceQuality "1"]

1. e4 c5 2. Nc3 e6 3. f4 a6 4. Nf3 Nc6 5. g3 g6 6. d4 cxd4 7. Nxd4 Bg7 8. Be3 Nge7 9. Qd2 O-O 10. Bg2 Na5 11. b3 Rb8 12. O-O f5 13. exf5 gxf5 14. Rad1 d5 15. Na4 Nac6 16. Nf3 b5 17. Nc5 Qe8 18. Ng5 Qg6 19. Rfe1 h6 20. Nf3 b4 21. Qd3 Rd8 22. Bf2 a5 23. Qe2 Kf7 24. Rd3 Bc3 25. Rxc3 bxc3 26. Nd4 Nxd4 27. Bxd4 Nc6 28. Bxc3 d4 29. Bb2 Nb4 30. Qe5 Ba6 31. Qc7+ Kg8 32. Rxe6 Qg4 33. Nxa6 Qd1+ 34. Bf1 Nxa6 35. Rg6+ 1-0

[Event "Charlesbourg Zukertort"]
[Site "Charlesbourg CAN"]
[Date "2012.05.14"]
[Round "3"]
[White "Lessard, Claude"]
[Black "Lapierre, Gaetan"]
[Result "0-1"]
[WhiteElo "2033"]
[BlackElo "1774"]
[PlyCount "62"]
[GameId "2160767909509586"]
[EventDate "2012.04.30"]
[EventType "swiss"]
[EventRounds "5"]
[EventCountry "CAN"]
[SourceTitle "EXT 2022"]
[Source "ChessBase"]
[SourceDate "2021.10.06"]
[SourceVersion "1"]
[SourceVersionDate "2021.10.06"]
[SourceQuality "1"]

1. d4 d5 2. Nf3 Nf6 3. Bf4 e6 4. e3 Be7 5. Bd3 Nbd7 6. h3 c5 7. c3 Ne4 8. Bxe4 dxe4 9. Nfd2 f5 10. O-O O-O 11. f3 g5 12. Bh2 exf3 13. Nxf3 g4 14. hxg4 fxg4 15. Ne5 Rxf1+ 16. Qxf1 Nxe5 17. Bxe5 Qe8 18. Nd2 Qg6 19. Qe2 Bd7 20. dxc5 Bxc5 21. Nb3 Be7 22. Nd4 Qe4 23. Bg3 Rc8 24. Rd1 e5 25. Nb5 Bxb5 26. Qxb5 Qxe3+ 27. Bf2 Qf4 28. Qxb7 Rf8 29. Bxa7 Rf7 30. Qc8+ Kg7 31. Re1 Bh4 0-1

[Event "Charlesbourg Zukertort"]
[Site "Charlesbourg CAN"]
[Date "2012.05.21"]
[Round "4"]
[White "Fortier, Bertrand"]
[Black "Lessard, Claude"]
[Result "0-1"]
[WhiteElo "1752"]
[BlackElo "2033"]
[PlyCount "88"]
[GameId "2160767909509587"]
[EventDate "2012.04.30"]
[EventType "swiss"]
[EventRounds "5"]
[EventCountry "CAN"]
[SourceTitle "EXT 2022"]
[Source "ChessBase"]
[SourceDate "2021.10.06"]
[SourceVersion "1"]
[SourceVersionDate "2021.10.06"]
[SourceQuality "1"]

1. e4 c6 2. d4 d5 3. e5 c5 4. c3 Bf5 5. Bb5+ Nc6 6. Nf3 e6 7. O-O h6 8. Qa4 Qb6 9. Be3 c4 10. Nbd2 a6 11. Bxc6+ Qxc6 12. Qxc6+ bxc6 13. b3 Bd3 14. Rfe1 Ba3 15. bxc4 dxc4 16. Rab1 Bxb1 17. Rxb1 Bf8 18. Nxc4 h5 19. Ng5 Nh6 20. Rb7 Be7 21. h3 Nf5 22. Ne4 O-O 23. Bf4 Rfb8 24. Rxb8+ Rxb8 25. g4 hxg4 26. hxg4 Nh4 27. Kh2 Rb1 28. g5 Ra1 29. a3 Bxa3 30. Na5 Bc1 31. Bxc1 Rxa5 32. Kg3 Nf5+ 33. Kf4 Ra1 34. Be3 a5 35. Nc5 a4 36. g6 a3 37. gxf7+ Kxf7 38. c4 Nxe3 39. fxe3 a2 40. Ke4 Rb1 41. Nxe6 Kxe6 42. d5+ cxd5+ 43. cxd5+ Ke7 44. Kf5 Rf1+ 0-1

[Event "Charlesbourg Zukertort"]
[Site "Charlesbourg CAN"]
[Date "2012.05.21"]
[Round "4"]
[White "Lapierre, Gaetan"]
[Black "Cote, Jocelyn"]
[Result "0-1"]
[WhiteElo "1774"]
[BlackElo "1717"]
[PlyCount "94"]
[GameId "2160767909509588"]
[EventDate "2012.04.30"]
[EventType "swiss"]
[EventRounds "5"]
[EventCountry "CAN"]
[SourceTitle "EXT 2022"]
[Source "ChessBase"]
[SourceDate "2021.10.06"]
[SourceVersion "1"]
[SourceVersionDate "2021.10.06"]
[SourceQuality "1"]

1. e4 g6 2. d4 Bg7 3. f4 c5 4. c3 Qa5 5. Be3 d6 6. dxc5 dxc5 7. Nd2 Nd7 8. Ngf3 Ngf6 9. h3 O-O 10. g4 b5 11. Bg2 Bb7 12. Qc2 Rfc8 13. O-O Qc7 14. Rae1 h6 15. g5 Nh7 16. e5 hxg5 17. e6 fxe6 18. Qxg6 Ndf8 19. Qh5 gxf4 20. Bxf4 Qxf4 21. Ne5 Qxd2 22. Bxb7 Qg5+ 23. Qxg5 Nxg5 24. Bxa8 Rxa8 25. h4 Ngh7 26. Rf4 Bxe5 27. Rxe5 Ng6 28. Rg4 Kf7 29. Rxc5 Nf6 30. Rb4 a6 31. h5 Nf8 32. a4 N8d7 33. Rg5 Nd5 34. Rbg4 N7f6 35. Rg7+ Kf8 36. Rg3 Nf4 37. R3g5 Nh3+ 38. Kf1 Nxg5 39. Rxg5 Nd5 40. axb5 axb5 41. h6 Kf7 42. Rg7+ Kf6 43. Ke1 Rh8 44. Rg4 Rxh6 45. c4 Ne3 46. Rf4+ Ke5 47. Rf7 Nxc4 0-1

[Event "Charlesbourg Zukertort"]
[Site "Charlesbourg CAN"]
[Date "2012.05.21"]
[Round "4"]
[White "Rouleau, Claude"]
[Black "Beaudoin, Stephane"]
[Result "1-0"]
[WhiteElo "1550"]
[BlackElo "2085"]
[PlyCount "65"]
[GameId "2160767909509589"]
[EventDate "2012.04.30"]
[EventType "swiss"]
[EventRounds "5"]
[EventCountry "CAN"]
[SourceTitle "EXT 2022"]
[Source "ChessBase"]
[SourceDate "2021.10.06"]
[SourceVersion "1"]
[SourceVersionDate "2021.10.06"]
[SourceQuality "1"]

1. e4 g6 2. d4 Bg7 3. Nf3 d6 4. Be2 Nf6 5. Nc3 O-O 6. O-O Na6 7. Bxa6 bxa6 8. Qd3 Rb8 9. b3 Bb7 10. Re1 Rc8 11. Nd2 e5 12. d5 Nh5 13. Nf3 h6 14. Be3 f5 15. g3 Qf6 16. exf5 gxf5 17. Nh4 e4 18. Qe2 Qf7 19. Qd2 f4 20. Bxa7 Rce8 21. Bd4 e3 22. fxe3 Bxd4 23. Qxd4 fxg3 24. Qg4+ Kh7 25. Rf1 Qg7 26. Qxh5 gxh2+ 27. Kxh2 Re5 28. Nf5 Qg6 29. Qxg6+ Kxg6 30. Nh4+ Kh5 31. Rxf8 Rxe3 32. Nd1 Re4 33. Ng2 1-0

[Event "Charlesbourg Zukertort"]
[Site "Charlesbourg CAN"]
[Date "2012.05.28"]
[Round "5"]
[White "Beaudoin, Stephane"]
[Black "Bahadi, Khalid"]
[Result "1-0"]
[WhiteElo "2089"]
[BlackElo "1855"]
[PlyCount "117"]
[GameId "2160767909509590"]
[EventDate "2012.04.30"]
[EventType "swiss"]
[EventRounds "5"]
[EventCountry "CAN"]
[SourceTitle "EXT 2022"]
[Source "ChessBase"]
[SourceDate "2021.10.06"]
[SourceVersion "1"]
[SourceVersionDate "2021.10.06"]
[SourceQuality "1"]

1. e4 e5 2. Bc4 Nf6 3. d3 Bc5 4. Nf3 Nc6 5. O-O d6 6. c3 Bg4 7. Nbd2 Qe7 8. Re1 O-O-O 9. b4 Bb6 10. a4 a5 11. Bd5 Nb8 12. Nc4 axb4 13. Nxb6+ cxb6 14. cxb4 Nxd5 15. exd5 Rd7 16. Be3 Na6 17. Bxb6 Kb8 18. b5 Nc7 19. Bxc7+ Rxc7 20. a5 Rc5 21. b6 Rxd5 22. a6 Rc8 23. axb7 Qxb7 24. Qb3 Bxf3 25. gxf3 Rdc5 26. d4 exd4 27. Ra7 Qd5 28. Qxd5 Rxd5 29. Ree7 Rc1+ 30. Kg2 Rb5 31. Reb7+ Kc8 32. Rxf7 Kb8 33. Rfb7+ Kc8 34. Rxg7 Kb8 35. Rgb7+ Kc8 36. Rxh7 Kb8 37. Rhb7+ Kc8 38. Rc7+ Rxc7 39. Rxc7+ Kb8 40. f4 d3 41. Kf3 Rh5 42. Ke3 Rh3+ 43. Kd2 Rf3 44. Rf7 Rxf2+ 45. Kxd3 Rxh2 46. Kc4 Rd2 47. Kb5 Rc2 48. Rd7 Rf2 49. Kc6 Rc2+ 50. Kxd6 Rd2+ 51. Ke6 Re2+ 52. Kf6 Rb2 53. Rd6 Kb7 54. f5 Ka6 55. Ke7 Kb5 56. f6 Kc5 57. Re6 Rh2 58. f7 Rh7 59. b7 1-0

[Event "Charlesbourg Zukertort"]
[Site "Charlesbourg CAN"]
[Date "2012.05.28"]
[Round "5"]
[White "Lessard, Claude"]
[Black "Glode, Martin"]
[Result "0-1"]
[WhiteElo "2033"]
[BlackElo "1842"]
[PlyCount "72"]
[GameId "2160767909509591"]
[EventDate "2012.04.30"]
[EventType "swiss"]
[EventRounds "5"]
[EventCountry "CAN"]
[SourceTitle "EXT 2022"]
[Source "ChessBase"]
[SourceDate "2021.10.06"]
[SourceVersion "1"]
[SourceVersionDate "2021.10.06"]
[SourceQuality "1"]

1. d4 Nf6 2. c4 e6 3. Nf3 Bb4+ 4. Bd2 Qe7 5. a3 Bxd2+ 6. Nbxd2 d6 7. e4 e5 8. h3 exd4 9. Bd3 Nc6 10. O-O Ne5 11. Nxe5 dxe5 12. b4 O-O 13. f4 Nd7 14. f5 a5 15. c5 Nf6 16. g4 Bd7 17. Qf3 Ne8 18. Qg3 Kh8 19. Nf3 f6 20. Nh4 Qf7 21. Rac1 g5 22. fxg6 hxg6 23. Nf3 Qe7 24. g5 Ng7 25. gxf6 Rxf6 26. Nxe5 Nh5 27. Rxf6 Nxg3 28. Nxg6+ Kg7 29. Nxe7 Kxf6 30. Nd5+ Ke5 31. Kh2 Rh8 32. bxa5 Rxh3+ 33. Kg2 Nh5 34. Bb5 Rg3+ 35. Kf2 Bxb5 36. Rh1 Rg5 0-1

[Event "Edmonton CC 1800+"]
[Site "Edmonton CAN"]
[Date "2012.09.01"]
[Round "1"]
[White "Miller, David"]
[Black "Gardner, Robert"]
[Result "0-1"]
[WhiteElo "2112"]
[BlackElo "2338"]
[PlyCount "72"]
[GameId "2160767738377195"]
[EventDate "2012.09.01"]
[EventType "swiss"]
[EventRounds "5"]
[EventCountry "CAN"]
[TimeControl "40/18000+30:20/10800:1800"]

{544MB, Rybka3Gen.ctg} 1. e4 d6 2. d4 Nf6 3. Nc3 g6 4. Nf3 Bg7 5. Be2 a6 6. O-O O-O 7. Be3 b5 8. a3 Bb7 9. Nd2 Nbd7 10. f4 e5 11. fxe5 dxe5 12. d5 c6 13. dxc6 Bxc6 14. Bd3 Rc8 15. Kh1 Bb7 16. Bg5 Qb6 17. Qf3 h6 18. Be3 Qe6 19. Nb3 Qg4 20. Qxg4 Nxg4 21. Bg1 Ngf6 22. Rae1 Rfd8 23. a4 b4 24. Na2 Bf8 25. Na5 Ba8 26. Re2 Rc7 27. Nc4 Nxe4 28. Nxe5 Nxe5 29. Bb6 Nxd3 30. Bxc7 Ndf2+ 31. Kg1 Rc8 32. Bb6 Ng4 33. Rf4 f5 34. Nc1 Bd6 35. Rf1 Bxh2+ 36. Kh1 Ng3# 0-1

[Event "Edmonton CC 1800+"]
[Site "Edmonton CAN"]
[Date "2012.09.01"]
[Round "1"]
[White "Wang, Richard"]
[Black "Yearwood, Roy"]
[Result "1-0"]
[WhiteElo "2477"]
[BlackElo "2113"]
[PlyCount "65"]
[GameId "2160767738377196"]
[EventDate "2012.09.01"]
[EventType "swiss"]
[EventRounds "5"]
[EventCountry "CAN"]
[TimeControl "40/18000+30:20/10800:1800"]

{544MB, Rybka3Gen.ctg} 1. d4 Nf6 2. Nf3 d6 3. c4 c6 4. Nc3 Qa5 5. Bd2 Qc7 6. Bg5 Bf5 7. e3 Nbd7 8. Be2 h6 9. Bh4 g5 10. Bg3 Bg7 11. O-O Bg6 12. h4 Nh5 13. Bh2 f5 14. Ne5 Nf4 15. exf4 dxe5 16. fxe5 e6 17. Rc1 O-O-O 18. Nb5 Qa5 19. b4 Qxa2 20. Nd6+ Kb8 21. h5 Bh7 22. c5 f4 23. Ra1 Qc2 24. Qxc2 Bxc2 25. Ra2 Bb3 26. Ra3 Bd5 27. Rfa1 Nxe5 28. Rxa7 Rd7 29. dxe5 Bxe5 30. Ra8+ Kc7 31. Rxh8 Bxh8 32. Ra8 Bc3 33. Rc8# 1-0

[Event "Edmonton CC 1800+"]
[Site "Edmonton CAN"]
[Date "2012.09.01"]
[Round "2"]
[White "Gardner, Robert"]
[Black "Wang, Richard"]
[Result "1/2-1/2"]
[WhiteElo "2338"]
[BlackElo "2477"]
[PlyCount "70"]
[GameId "2160767738377197"]
[EventDate "2012.09.01"]
[EventType "swiss"]
[EventRounds "5"]
[EventCountry "CAN"]
[TimeControl "40/18000+30:20/10800:1800"]

{544MB, Rybka3Gen.ctg} 1. f4 d5 2. Nf3 Bg4 3. d4 e6 4. e3 Nf6 5. Bd3 c5 6. c3 Nc6 7. Nbd2 Bd6 8. O-O cxd4 9. cxd4 O-O 10. a3 Rc8 11. Qe1 Bf5 12. Bxf5 exf5 13. Nh4 g6 14. Qg3 Ne7 15. Ndf3 Ne4 16. Qh3 Qd7 17. Ng5 Nxg5 18. fxg5 Rc2 19. Nf3 Rfc8 20. Bd2 Rxb2 21. Bb4 Rcc2 22. Ne1 Re2 23. Nd3 Ra2 24. Rxa2 Rxa2 25. Ne5 Qe6 26. Bxd6 Qxd6 27. g4 Qxa3 28. Nd7 h5 29. Qg3 Nc6 30. gxf5 h4 31. Nf6+ Kf8 32. Qf4 Qb2 33. Qd6+ Kg7 34. Ne8+ Kg8 35. Nf6+ Kg7 1/2-1/2

[Event "Edmonton CC 1800+"]
[Site "Edmonton CAN"]
[Date "2012.09.02"]
[Round "2"]
[White "Willis, Bradley"]
[Black "Pechenkin, Vladimir"]
[Result "1/2-1/2"]
[WhiteElo "2076"]
[BlackElo "2427"]
[PlyCount "49"]
[GameId "2160767738377198"]
[EventDate "2012.09.01"]
[EventType "swiss"]
[EventRounds "5"]
[EventCountry "CAN"]
[TimeControl "40/18000+30:20/10800:1800"]

{544MB, Rybka3Gen.ctg} 1. e4 c5 2. d4 cxd4 3. c3 dxc3 4. Nxc3 e6 5. Nf3 a6 6. Bc4 b5 7. Bb3 Bb7 8. O-O b4 9. Nd5 exd5 10. exd5 d6 11. Bg5 Be7 12. Re1 Kf8 13. Bf4 Bf6 14. Nd4 Ne7 15. Rc1 Kg8 16. Nc6 Nbxc6 17. dxc6 Bxc6 18. Bxd6 Bxg2 19. Bxe7 Qxd1 20. Rcxd1 Bf3 21. Bd8 h6 22. Bc2 Bc6 23. Bxf6 gxf6 24. Rd6 Bb5 25. Rxf6 1/2-1/2

[Event "Edmonton CC 1800+"]
[Site "Edmonton CAN"]
[Date "2012.09.02"]
[Round "2"]
[White "Yearwood, Roy"]
[Black "Miller, David"]
[Result "0-1"]
[WhiteElo "2113"]
[BlackElo "2112"]
[PlyCount "45"]
[GameId "2160767738377199"]
[EventDate "2012.09.01"]
[EventType "swiss"]
[EventRounds "5"]
[EventCountry "CAN"]
[TimeControl "40/18000+30:20/10800:1800"]

{544MB, Rybka3Gen.ctg} 1. b4 e5 2. Bb2 Bxb4 3. Bxe5 Nf6 4. Nc3 Nc6 5. Bxf6 Qxf6 6. Nd5 Qe5 7. c4 Ba5 8. Nf3 Qe4 9. e3 O-O 10. Rb1 Ne5 11. Rb5 Nc6 12. Ng5 Qg6 13. Nf4 Qh6 14. Bd3 a6 15. Bxh7+ Kh8 16. Rf5 g6 17. Bxg6 fxg6 18. Rxf8+ Kg7 19. Rf7+ Kg8 20. Qa1 Nb4 21. Qf6 Nc2+ 22. Ke2 d5 23. Qd8+ 0-1

[Event "Edmonton CC U1800"]
[Site "Edmonton CAN"]
[Date "2012.09.01"]
[Round "1"]
[White "Kadavil, Suresh"]
[Black "Stainer, Joel"]
[Result "0-1"]
[WhiteElo "1201"]
[BlackElo "1528"]
[PlyCount "104"]
[GameId "2160767738377200"]
[EventDate "2012.09.01"]
[EventType "swiss"]
[EventRounds "5"]
[EventCountry "CAN"]
[TimeControl "40/18000+30:20/10800:1800"]

{544MB, Rybka3Gen.ctg} 1. e4 c6 2. f4 d5 3. e5 Bf5 4. Nf3 e6 5. d4 Nd7 6. Be2 Qb6 7. c3 c5 8. O-O Ne7 9. b3 Nc6 10. Be3 Rc8 11. a3 cxd4 12. cxd4 Na5 13. b4 Nc4 14. Bf2 Nb2 15. Qb3 Nc4 16. Nbd2 Nxd2 17. Nxd2 Be7 18. Rac1 O-O 19. Bd3 Bg6 20. f5 Bh5 21. h3 Bg5 22. Qa2 f6 23. g4 Bf7 24. h4 Bxh4 25. Nf3 Bxf2+ 26. Qxf2 fxe5 27. Nxe5 Nxe5 28. dxe5 Qxf2+ 29. Kxf2 Rc6 30. f6 Rfc8 31. Rcd1 Rc3 32. a4 Bg6 33. Bxg6 hxg6 34. Kg2 R8c4 35. fxg7 Rxg4+ 36. Kh2 Kxg7 37. Rf6 Rc8 38. Rf3 Rh8+ 39. Rh3 Rxh3+ 40. Kxh3 Re4 41. Rc1 Rc4 42. Rf1 d4 43. Rf6 Rc6 44. b5 Rd6 45. exd6 Kxf6 46. d7 Ke7 47. d8=Q+ Kxd8 48. Kg3 Kd7 49. Kf3 Kd6 50. Ke4 e5 51. Kd3 Kd5 52. Kd2 e4 0-1

[Event "Edmonton CC U1800"]
[Site "Edmonton CAN"]
[Date "2012.09.01"]
[Round "1"]
[White "Lacy, Ryan"]
[Black "Yao, David"]
[Result "1-0"]
[WhiteElo "1722"]
[BlackElo "1391"]
[PlyCount "73"]
[GameId "2160767738377201"]
[EventDate "2012.09.01"]
[EventType "swiss"]
[EventRounds "5"]
[EventCountry "CAN"]
[TimeControl "40/18000+30:20/10800:1800"]

{544MB, Rybka3Gen.ctg} 1. e4 e6 2. d4 d5 3. exd5 exd5 4. Bd3 c6 5. Nf3 Nf6 6. O-O Bd6 7. Re1+ Be6 8. Bf5 Qc8 9. Ng5 Ne4 10. Bxe6 fxe6 11. Nxe4 dxe4 12. Rxe4 O-O 13. Qg4 Rf6 14. Bg5 Rg6 15. Qh5 Qf8 16. Rh4 Rxg5 17. Qxg5 Be7 18. Qh5 Bxh4 19. Qxh4 Qf6 20. Qxf6 gxf6 21. Nd2 Nd7 22. Re1 Kf7 23. Nc4 b5 24. Nd6+ Ke7 25. Ne4 Rc8 26. Re3 c5 27. dxc5 f5 28. Ng5 Nxc5 29. Kf1 h6 30. Nf3 Ne4 31. Nd4 a6 32. f3 Ng5 33. Nxf5+ Kf6 34. Nxh6 Rxc2 35. Re2 Rxe2 36. Kxe2 Ke5 37. Ke3 1-0

[Event "Edmonton CC U1800"]
[Site "Edmonton CAN"]
[Date "2012.09.01"]
[Round "1"]
[White "Sponga, George"]
[Black "Reichert, Wayne"]
[Result "1-0"]
[WhiteElo "1494"]
[BlackElo "1187"]
[PlyCount "51"]
[GameId "2160767738377204"]
[EventDate "2012.09.01"]
[EventType "swiss"]
[EventRounds "5"]
[EventCountry "CAN"]
[TimeControl "40/18000+30:20/10800:1800"]

{544MB, Rybka3Gen.ctg} 1. c4 e5 2. g3 Nf6 3. Bg2 c6 4. Nf3 d6 5. Qb3 b6 6. Ng5 Qc7 7. O-O h6 8. Nf3 Be7 9. d3 Be6 10. Nbd2 O-O 11. Qc2 Re8 12. b3 Bf8 13. e4 g6 14. h3 Bg7 15. a3 c5 16. Nh2 Qd7 17. g4 Nc6 18. Bb2 Rac8 19. f4 exf4 20. Rxf4 g5 21. Rxf6 Nd4 22. Bxd4 cxd4 23. Rf2 b5 24. Raf1 f6 25. Qb2 bxc4 26. dxc4 1-0